| 000 | 00780nam a2200289Ia 4500 | ||
|---|---|---|---|
| 003 | 545 | ||
| 005 | 20180117131905.0 | ||
| 008 | 171025s9999 xx 000 0 und d | ||
| 020 | _a9781259071317 | ||
| 050 | _a658.4 | ||
| 050 | _bG172 2011 | ||
| 100 | _aGallo, Carmine | ||
| 245 | _aThe innovation secrets of Steve Jobs : | ||
| 245 | _binsanely different : principles for breakthrough success / | ||
| 245 | _cby Carmine Gallo. | ||
| 260 | _aPhilippines : | ||
| 260 | _bMcGraw Hill, | ||
| 260 | _c2011 | ||
| 300 | _axiii, 241 pages : | ||
| 300 | _billustrations ; | ||
| 300 | _c23cm. | ||
| 500 | _aIncludes notes and index. | ||
| 650 | _aNew products -- Technological innovations. | ||
| 650 | _aCreative thinking. | ||
| 700 | _aTitle. | ||
| 942 |
_2ddc _cBK |
||
| 999 |
_c344492 _d344492 |
||